NBA: Top 15 RPG in a Season by Players in Their 40's - Statistics

General Stats
  • This quiz has been taken 26 times
    5 since last reset
  • The average score is 9 of 15
Answer Stats
# Player RPG Age % Correct
15 Vince Carter 3.1 40
100%
3 Kareem Abdul-Jabbar 6.7 40
80%
6 Kareem Abdul-Jabbar 6.0 41
80%
8 Kareem Abdul-Jabbar 4.5 42
80%
1 LeBron James 7.8 40
80%
5 Michael Jordan 6.1 40
80%
4 Dikembe Mutombo 6.5 40
60%
7 Dikembe Mutombo 5.1 41
60%
2 Robert Parish 7.3 40
60%
10 Robert Parish 4.3 41
60%
11 Robert Parish 4.1 42
60%
12 Karl Malone 3.9 40
40%
14 Kevin Willis 3.2 40
40%
9 Jason Kidd 4.3 40
20%
13 John Stockton 3.2 40
20%
No matching quizzes found
Score Distribution
Percent of People with Each Score
Percentile by Number Answered
Your Score History
You have not taken this quiz since the last reset